Virginia : a play /

Bibliographic Details
Main Author: O'Brien, Edna
Format: Book
Language:English
Published: New York : Harcourt Brace Jovanovich, [1981]
Edition:1st American ed.
Subjects:

MARC

Tag First Indicator Second Indicator Subfields
LEADER 00000cam a22000008a 4500
001 in00000071808
005 20151008062413.0
008 810430r1981 nyu 00010 eng
010 |a  81007663  
020 |a 0151937621 
035 |a (OCoLC)07551538 
035 |9 AAK0155AM 
039 0 |a 2  |b 3  |c 3  |d 3  |e 3 
040 |a DLC  |c DLC  |d TXA  |d UtOrBLW 
049 |a TXAM  |c [1195870] 
050 0 0 |a PR6065.B7  |b V5 
082 0 |a 822/.914  |2 19 
100 1 |a O'Brien, Edna. 
245 1 0 |a Virginia :  |b a play /  |c by Edna O'Brien. 
250 |a 1st American ed. 
263 |a 8111 
264 1 |a New York :  |b Harcourt Brace Jovanovich,  |c [1981] 
264 4 |c ©1981 
300 |a 69 pages ;  |c 21 cm. 
336 |a text  |b txt  |2 rdacontent 
337 |a unmediated  |b n  |2 rdamedia 
338 |a volume  |b nc  |2 rdacarrier 
600 1 0 |a Woolf, Virginia,  |d 1882-1941.  |k in fiction, drama, poetry, etc. 
999 |a MARS 
999 f f |s 85166298-5169-36cf-af70-ec8472c0ff90  |i 5325c46b-7667-38f3-a789-961bfffeffb2  |t 0 
952 f f |p ric  |a Texas A&M University  |b Rellis Campus  |c Joint Library Facility  |d Remote Storage  |t 0  |e PR6065.B7 V5  |h Library of Congress classification  |i unmediated -- volume  |m A14806187807 
998 f f |a PR6065.B7 V5  |t 0  |l Remote Storage